| 000 | 00670nam a22002292 4500 | ||
|---|---|---|---|
| 001 | 0000019742 | ||
| 005 | 20151217154435.0 | ||
| 008 | 110125s xx 000 0 eng d | ||
| 020 | _a1605476568 : | ||
| 040 |
_aKABU _cKABU |
||
| 100 | 1 |
_aSadler, Thomas W. _@0000179659 |
|
| 245 | 1 | 0 | _aLangman's medical embryology. |
| 250 |
_a11th ed. / _bby T. W. Sadler. |
||
| 260 |
_aLondon : _bWolters Kluwer, _c2009. |
||
| 300 | _aix, 385 p. | ||
| 650 | 0 |
_aEmbryology, Human. _@0000135100 |
|
| 650 | 0 |
_aAbnormalities, Human. _@0000179660 |
|
| 700 | 1 |
_aLangman, Jan. _@0000179661 |
|
| 908 | _a110125 | ||
| 950 | _@1 | ||
| 999 |
_c11274 _d11274 |
||